| 000 | 01022cam a2200253 i 4500 | ||
|---|---|---|---|
| 003 | SA-RiAUC | ||
| 005 | 20240916141110.0 | ||
| 008 | 240912s1998 ku f 000r0 ara c | ||
| 040 |
_aSA-RiAUC _bara _cSA-RiAUC _erda |
||
| 082 | 0 | 4 | _a252.4 |
| 090 |
_a252.4 ا ب و غ _b ا ب و غ |
||
| 100 | 1 |
_aأبو غدة، عبد الستار، _d1940-2020 _eمؤلف. |
|
| 245 | 1 | 0 |
_aدليل الإرشادات لمحاسبة زكاة الشركات / _cإعداد لجنة من الشرعيين والمحاسبين مكونة من عبد الستار أبو غدة [ومجموعة آخرون]. |
| 250 | _aالطبعة الثالثة. | ||
| 264 | 1 |
_aالكويت : _bبيت الزكاة، _c[1998] |
|
| 300 |
_a76 صفحة ؛ _c24 سم |
||
| 336 |
_aنص _btxt _2rdacontent _3كتاب |
||
| 337 |
_aبدون وسيط _bn _2rdamedia |
||
| 338 |
_aمجلد _bnc _2rdacarrier |
||
| 650 | 7 |
_aالزكاة _2aucsh |
|
| 650 | 7 |
_aالزكاة _xمحاسبة _2aucsh |
|
| 942 |
_2ddc _cBOOK |
||
| 949 |
_aSA-JeALM _d240912 _umohamedma123 _n1 |
||
| 999 |
_c300 _d300 |
||